|
|
|
|
| LEADER |
00000nam a22000007a 4500 |
| 005 |
2011112903363.0 |
| 007 |
cr|||| |||| |
| 008 |
111129s2010 xxk|||||s|||| 00||0 eng d |
| 020 |
|
|
|a 978-1-84859-061-8
|
| 035 |
|
|
|a 6070
|
| 040 |
|
|
|a vLex
|
| 090 |
|
|
|c 2802
|d 2802
|
| 245 |
0 |
0 |
|a Without Prejudice: CEDAW and the determination of women’s rights in a legal and cultural context
|h [Recurso electrn̤ico] /
|c Meena Shivdas (ed.), Sarah Coleman (ed.)
|
| 256 |
|
|
|a Servicio en ln̕ea
|
| 260 |
|
|
|a London :
|b Commonwealth Secretariat,
|c 2010
|
| 300 |
|
|
|a 1 recurso electrn̤ico
|
| 500 |
|
|
|a CEDAW – the UN Convention on the Elimination of All Forms of Discrimination against Women – is a powerful international human rights instrument that reflects a global determination to achieve gender equality. Turning aspiration into reality presents many challenges, particularly in relation to the process of adjudicating on women’s rights in both legal and cultural contexts. This book looks at the range of cultural and legal challenges relating to the implementation of CEDAW, and the individual approaches adopted in various jurisdictions and contexts across the Commonwealth. Commonwealth declarations in support of CEDAW and initiatives from numerous Commonwealth countries are brought together here to support continuing efforts to address these issues.
|
| 506 |
1 |
|
|a Contenido solo disponible en los productos indicados
|d vLex Global
|d vLex Global (Academic Edition, excluding Law Schools)
|d vLex Global (U.S. Academic Edition, Law Schools)
|d vLex Global (U.S. Academic Edition, excluding Law Schools)
|d vLex Global (Academic Edition, Law Schools)
|
| 610 |
2 |
7 |
|a Naciones Unidas.
|b Comit ̌para la Eliminacin̤ de la Discriminacin̤ contra la Mujer
|2 Library of Congress Authorities
|
| 650 |
0 |
4 |
|a Discriminacin̤ contra la mujer
|
| 710 |
2 |
|
|a Commonwealth Secretariat
|
| 710 |
2 |
|
|a Naciones Unidas.
|b Comit ̌para la Eliminacin̤ de la Discriminacin̤ contra la Mujer
|
| 740 |
0 |
|
|a vLex Libros (Servicio en ln̕ea)
|
| 856 |
4 |
0 |
|u http://vlex.com/source/prejudice-cedaw-determination-women-right-legal-culture-context-6070
|z Acceso restringido
|
| 942 |
|
|
|c BOOK
|